Danska-Glósur. - Statistics

General Stats
  • This quiz has been taken 11 times
  • The average score is 16 of 58
Answer Stats
Hint Answer % Correct
Enige om Sammála um
75%
Intresser Áhugamál
50%
Forelsket Ástfanginn
50%
Lyserod Bleikur
50%
Karakterer Einkunnir
50%
Lagnsomt Hægt
50%
Hjerne Heili
50%
Hjernen Heilinn
50%
Vigtig Mikilvægt
50%
Forskellige Mismunandi
50%
Rigtigt dumme Mjög heimsk
50%
Uenige om Ósammála um
50%
Forstå Skilja
50%
Fakta Staðreynd
50%
Stole på Stóla á
50%
Krig Stríð
50%
Tilhore Tilheyra
50%
At tilpasse sig Að aðlagast
25%
Jaloux Afbrýðisamur
25%
Nem Auðvelt
25%
Fattigdom Fátækt
25%
Sommerfugle Fiðrildi
25%
Bjerg Fjall
25%
Fordomsfulde Fordómsfullur
25%
Sindssyg Geðveik
25%
Skabe kunst Gera list
25%
Verdensmester Heimsmeistari
25%
Hurtig Hratt
25%
Tåbeligt Kjánalegt
25%
Overleve Lifa af
25%
Lyst Löngun
25%
Måler Mæla
25%
Masse Mikið
25%
Kantine Mötuneyti
25%
Ujævn kamp Ójafn slagur
25%
Fjender Óvinir
25%
Regne Reikna
25%
Et forhold Samband
25%
Et fællesskab Samfélag
25%
Sladrer Slúðra
25%
Opremse Telja upp
25%
Rod Þrjótur
25%
Udvikling Þróun
25%
Sproget Tungumál
25%
Oprindelse Uppfinning
25%
Beskytte sig Vernda sig
25%
Vidensskabsmænd Vísindamenn
25%
Forandre sig Að breytast
0%
At se glimt af Að sjá bregða fyrir
0%
Vidunderligt Dásamlegt
0%
Fortryllet Heillaður
0%
Forhekset Í álögum
0%
Alligevel Samt sem áður
0%
Heldigvis Sem betur fer
0%
Folelser Tilfinningar
0%
Forundrig Undrun
0%
At opdage Uppgötva
0%
Indromme Viðurkenna
0%
No matching quizzes found
Score Distribution
Percent of People with Each Score
Percentile by Number Answered
Your Score History
You have not taken this quiz